000 01851cam a22006014i 4500
003 PE-LiUPU
005 20250731170419.0
008 171130s2017 xxka r0 001 0 eng d
020 _a9781781316115
035 _a(Sirsi) a240240
040 _aPE-LIUPU
_bspa
_cPE-LIUPU
_erda
082 0 4 _a155.942
_bK32
_221
100 1 _aKeedwell, Paul,
_eautor.
245 1 0 _aHeadspace :
_bThe Psychology of City Living /
_cPaul Keedwell..
264 _aLondon :
_bAurum,
_c2017.
300 _a301 páginas :
_bilustraciones ;
_c23 centímetros.
336 _atext
_2rdacontent
337 _aunmediated
_2rdamedia
338 _avolume
_2rdacarrier
504 _aÍndice : páginas 295-299.
505 0 _aThe home, from inside out -- Home and identity -- Neigbourhood -- High-rise Living -- Public places: Places for play -- The workplace -- Healing Spaces.
526 _aSEG68
526 _aSEG70
526 _aSEG69
526 _aSEG67
526 _aSEG43
526 _aP144
526 _aP143
526 _aP131
526 _aP122
526 _aP120
526 _aP117
526 _aP112
526 _aP110
526 _aP106
526 _aP101
526 _aP80
526 _aP59
526 _aP54
526 _aP35
526 _aP33
526 _aP30
526 8 _iPrograma académico :
_5PE-LiUPU
541 _g003-1758;
650 0 4 _aUrban Population.
650 0 4 _aUrban Health.
650 0 4 _aPoblación urbana.
650 0 4 _aSalud Urbana.
910 _adbm
_bksl
_cksl
_d20171130
596 _a1
942 _2ddc
_cBOOK
999 _a155.942 K32
_wLC
_c25905
_i77100
_f2021-11-9
_g4
_lCCODEBUL1
_mBUL
_p37.11
_r0
_sY
_tBOOK
_u2017-11-30
_xINGENIERIA
_PP06
_0COMPRA
_o.STAFF. Colección Ingeniería y Arquitectura
_d25905
980 _81
_gALBERTO SANCHEZ Responsable de Automatización